Statistics for Who does it really belong to #2

Click here to take the quiz!

General Stats

  • This quiz has been taken 33 times
  • The average score is 10 of 15

Answer Stats

TerritoryCountry% Correct
GreenlandDenmark
97%
CreteGreece
90%
MadeiraPortugal
83%
MacauChina
80%
Cook IslandsNew Zealand
80%
Chritsmas IslandsAustralia
77%
SvalbardNorway
77%
MayotteFrance
73%
Sinai PeninsulaEgypt
70%
Northen Mariana IslandsUnited States
67%
CeutaSpain
63%
Aland IslandsFinland
53%
BonaireNetherlands
50%
Coco IslandCosta Rica
13%
Islands of YouthCuba
13%

Score Distribution

Percentile by Number Answered

Percent of People with Each Score

Your Score History

You have not taken this quiz